000 01405nam a2200361Ia 4500
001 ebr10597925
003 CaPaEBR
006 m u
007 cr cn|||||||||
008 061103s1994 gw sb 001 0 eng d
010 _z 93045843
020 _z311013683X (alk. paper)
020 _z9783110136838
020 _z9783110886627 (ebook)
040 _aCaPaEBR
_cCaPaEBR
035 _a(OCoLC)815506869
050 1 4 _aBC177
_b.M36 1994eb
082 0 4 _a160
_220
100 1 _aMarciszewski, Witold.
245 1 0 _aLogic from a rhetorical point of view
_h[electronic resource] /
_cWitold Marciszewski.
260 _aBerlin ;
_aNew York :
_bW. de Gruyter,
_c1994.
300 _axv, 312 p.
490 1 _aGrundlagen der Kommunikation und Kognition =
_aFoundations of communication and cognition
504 _aIncludes bibliographical references (p. [288]-296) and indexes.
533 _aElectronic reproduction.
_bPalo Alto, Calif. :
_cebrary,
_d2011.
_nAvailable via World Wide Web.
_nAccess may be limited to ebrary affiliated libraries.
650 0 _aLogic.
650 0 _aReasoning.
650 0 _aRhetoric
_xPhilosophy.
655 7 _aElectronic books.
_2local
710 2 _aebrary, Inc.
830 0 _aFoundations of communication and cognition.
856 4 0 _uhttp://site.ebrary.com/lib/rucke/Doc?id=10597925
_zAn electronic book accessible through the World Wide Web; click to view
999 _c212730
_d212730